[Event "Oebro Nytaar 2022"]
[Site "Copenhagen"]
[Date "2022.12.30"]
[Round "6.1"]
[White "Ramsdal, Jens Albert"]
[Black "Nielsen, Viktor Haarmark"]
[Result "1-0"]
[WhiteElo "2320"]
[BlackElo "2379"]
[PlyCount "95"]
[EventDate "2022.12.27"]
[EventType "swiss"]
[EventRounds "7"]
[EventCountry "DEN"]
[SourceTitle "Live"]

1. d4 Nf6 2. c4 e6 3. Nf3 d5 4. Nc3 c5 5. e3 Nc6 6. dxc5 Bxc5 7. a3 a6 8. b4
Ba7 9. Bb2 O-O 10. cxd5 exd5 11. Ne2 Bg4 12. Ned4 Ne5 13. Qb3 Ng6 14. Be2 Qd6
15. h3 Bd7 16. h4 Ne4 17. h5 Ne7 18. h6 g6 19. Rd1 a5 20. Rh4 axb4 21. axb4 Ba4
22. Qxa4 Bxd4 23. Qb3 Bxb2 24. Qxb2 Qf6 25. Qxf6 Nxf6 26. Ng5 Rac8 27. Rf4 Rc6
28. b5 Rb6 29. e4 Nxe4 30. Nxe4 dxe4 31. g4 f5 32. g5 Rc8 33. f3 Re6 34. fxe4
b6 35. Rd7 Kf8 36. exf5 gxf5 37. Rfd4 Rc2 38. Rd2 Rxd2 39. Kxd2 Ke8 40. Rb7
Rd6+ 41. Ke1 Kd8 42. Bh5 f4 43. Rb8+ Kc7 44. Rh8 Rd5 45. Rxh7 Rxg5 46. Rxe7+
Kd6 47. Bf3 Kxe7 48. h7 1-0

[Event "Oebro Nytaar 2022"]
[Site "Copenhagen"]
[Date "2022.12.30"]
[Round "6.2"]
[White "Hector, Jonny"]
[Black "Nilssen, John Arni"]
[Result "1-0"]
[WhiteElo "2451"]
[BlackElo "2321"]
[PlyCount "93"]
[EventDate "2022.12.27"]
[EventType "swiss"]
[EventRounds "7"]
[EventCountry "DEN"]
[SourceTitle "Live"]

1. e4 c5 2. Nf3 Nc6 3. Bb5 g6 4. O-O Bg7 5. c3 e5 6. d4 exd4 7. cxd4 cxd4 8.
Bf4 Nge7 9. Bd6 O-O 10. Nbd2 b6 11. a4 Bb7 12. Re1 Re8 13. Rc1 Nc8 14. Bg3 h6
15. e5 a6 16. Bc4 d5 17. Bd3 Nb4 18. Bb1 d3 19. Qb3 a5 20. Bxd3 Nxd3 21. Qxd3
Qd7 22. b3 Ba6 23. Qe3 b5 24. axb5 Bxb5 25. Nd4 Re7 26. Rc5 Na7 27. Ra1 Rc8 28.
Rxc8+ Qxc8 29. h4 Qe8 30. Rxa5 Nc6 31. Nxc6 Bxc6 32. f4 Rb7 33. Nf3 Bf8 34. Kh2
Bb4 35. Ra6 Bb5 36. Rb6 Rxb6 37. Qxb6 Bc3 38. Qe3 d4 39. Nxd4 Bxd4 40. Qxd4 h5
41. f5 gxf5 42. Qd1 Qe6 43. Qxh5 Qxb3 44. Qg5+ Kh7 45. Qxf5+ Kg8 46. e6 fxe6
47. Qg6+ 1-0

[Event "Oebro Nytaar 2022"]
[Site "Copenhagen"]
[Date "2022.12.30"]
[Round "6.3"]
[White "Nielsen, Lars Aaes"]
[Black "Meskenas, Paulius"]
[Result "1/2-1/2"]
[WhiteElo "2182"]
[BlackElo "2073"]
[PlyCount "57"]
[EventDate "2022.12.27"]
[EventType "swiss"]
[EventRounds "7"]
[EventCountry "DEN"]
[SourceTitle "Live"]

1. e4 e5 2. Nf3 Nc6 3. Bb5 a6 4. Bxc6 dxc6 5. O-O f6 6. d4 exd4 7. Nxd4 c5 8.
Ne2 Qxd1 9. Rxd1 g5 10. Nbc3 Bd6 11. Nd5 Be6 12. Bd2 Rd8 13. Bc3 Kf7 14. Rd2 b5
15. b3 b4 16. Nxb4 cxb4 17. Bxb4 Ke7 18. Rad1 Nh6 19. Nd4 Bd7 20. Bxd6+ cxd6
21. c4 Nf7 22. Nc2 Bc6 23. f3 Rb8 24. Ne3 Rhd8 25. Nf5+ Ke6 26. Ng7+ Ke7 27.
Nf5+ Ke6 28. Ng7+ Ke7 29. Nf5+ 1/2-1/2

[Event "Oebro Nytaar 2022"]
[Site "Copenhagen"]
[Date "2022.12.30"]
[Round "6.4"]
[White "Gregor, Bjarke"]
[Black "Hamitevici, Vladimir"]
[Result "0-1"]
[WhiteElo "2066"]
[BlackElo "2502"]
[PlyCount "54"]
[EventDate "2022.12.27"]
[EventType "swiss"]
[EventRounds "7"]
[EventCountry "DEN"]
[SourceTitle "Live"]

1. e4 c5 2. Nf3 d6 3. d4 cxd4 4. Nxd4 Nf6 5. Nc3 a6 6. Bg5 Nbd7 7. Bc4 Qb6 8.
Qd2 e6 9. O-O-O h6 10. Be3 Ng4 11. Bxe6 fxe6 12. Nxe6 Nxe3 13. fxe3 Nf6 14. Nf4
Bg4 15. Ng6 Bxd1 16. Rxd1 Rg8 17. Nd5 Qc5 18. b4 Qc4 19. Nb6 Qxe4 20. Nxa8 Qxg6
21. Qc3 Qe4 22. Nc7+ Kd7 23. Rd4 Qc6 24. Rc4 Qxg2 25. Qd4 Be7 26. b5 Rc8 27. b6
Bd8 0-1

[Event "Oebro Nytaar 2022"]
[Site "Copenhagen"]
[Date "2022.12.30"]
[Round "6.5"]
[White "Wahlgreen, Noah Krug"]
[Black "Olsen, Peter Erik"]
[Result "1/2-1/2"]
[WhiteElo "1981"]
[BlackElo "2170"]
[PlyCount "33"]
[EventDate "2022.12.27"]
[EventType "swiss"]
[EventRounds "7"]
[EventCountry "DEN"]
[SourceTitle "Live"]

1. e4 d5 2. exd5 Qxd5 3. Nc3 Qa5 4. Bc4 Nf6 5. d3 c6 6. Be3 Bf5 7. h3 h5 8. Nf3
e6 9. Qe2 Nbd7 10. Nd4 Bd6 11. Nxf5 Qxf5 12. O-O-O Nb6 13. g4 Qg6 14. g5 Nfd5
15. Nxd5 Nxd5 16. h4 Qf5 17. Kb1 1/2-1/2

[Event "Oebro Nytaar 2022"]
[Site "Copenhagen"]
[Date "2022.12.30"]
[Round "6.6"]
[White "Thuesen, Mogens Henrik"]
[Black "Loftgaard, Mikkel Vinh"]
[Result "0-1"]
[WhiteElo "2137"]
[BlackElo "2130"]
[PlyCount "146"]
[EventDate "2022.12.27"]
[EventType "swiss"]
[EventRounds "7"]
[EventCountry "DEN"]
[SourceTitle "Live"]

1. d4 Nf6 2. c4 e6 3. Nf3 d5 4. g3 Bb4+ 5. Bd2 Be7 6. Bg2 O-O 7. O-O c6 8. b3
b6 9. Bc3 Nbd7 10. Bb2 Bb7 11. Nc3 c5 12. cxd5 exd5 13. Qd3 Ne4 14. Rad1 f5 15.
dxc5 Ndxc5 16. Qb1 Bf6 17. Nb5 Qe7 18. Qa1 a6 19. Bxf6 Rxf6 20. Nbd4 f4 21. b4
Nd7 22. a3 fxg3 23. hxg3 Raf8 24. Rd3 Ne5 25. Nxe5 Qxe5 26. Nf3 Qh5 27. Qd4 b5
28. Rc1 Nd6 29. Rc7 Qe8 30. Re3 Qd8 31. Qb6 Ne8 32. Rxe8 Rxb6 33. Rxd8 Rxd8 34.
Nd4 Ba8 35. Bh3 Kh8 36. e3 Rf6 37. f4 Re8 38. Kf2 Kg8 39. g4 Rf7 40. Rc5 g6 41.
g5 Rfe7 42. Rc3 Bb7 43. Bg4 h6 44. gxh6 Kh7 45. Nf3 Kxh6 46. Ng5 Kg7 47. Rc1
Kf6 48. Rc3 Rh8 49. Kg3 Rh1 50. Bf3 Ra1 51. Rd3 Rc7 52. Bg4 Rg1+ 53. Kh3 Bc8
54. Bxc8 Rxc8 55. Kh2 Ra1 56. Rxd5 Rxa3 57. Kg3 Rxe3+ 58. Kg4 Ke7 59. Nf3 Rc4
60. Ne5 Rc1 61. Nxg6+ Ke6 62. Rd4 Rg1+ 63. Kh5 Rh3+ 64. Nh4 Rgh1 65. Kg5 Rg3+
66. Kh5 Ke7 67. Re4+ Kd7 68. f5 Rf3 69. Kg4 Rff1 70. Ng6 Rhg1+ 71. Kh5 Rxf5+
72. Kh6 Rf6 73. Rd4+ Kc6 0-1

[Event "Oebro Nytaar 2022"]
[Site "Copenhagen"]
[Date "2022.12.30"]
[Round "6.7"]
[White "Saravana, Vedant Kumar"]
[Black "Andersen, Claus Nis"]
[Result "1-0"]
[WhiteElo "1869"]
[BlackElo "1745"]
[PlyCount "79"]
[EventDate "2022.12.27"]
[EventType "swiss"]
[EventRounds "7"]
[EventCountry "DEN"]
[SourceTitle "Live"]

1. e4 c5 2. Nf3 Nc6 3. Bb5 d6 4. Bxc6+ bxc6 5. h3 e5 6. d3 Nf6 7. O-O Be7 8.
Nc3 O-O 9. Re1 Rb8 10. b3 h6 11. Bb2 Nh7 12. Ne2 f5 13. exf5 Bxf5 14. Ng3 Bd7
15. Qe2 Bf6 16. Ne4 Qe7 17. c3 Rbe8 18. c4 Ng5 19. Nfxg5 Bxg5 20. Nxg5 Qxg5 21.
Qe3 Qg6 22. Qe4 Qf6 23. Rf1 Re6 24. f4 Qh4 25. fxe5 Qxe4 26. dxe4 Rg6 27. Rxf8+
Kxf8 28. Kf2 dxe5 29. Rd1 Ke8 30. Bxe5 Ke7 31. Kf3 a6 32. Rd2 h5 33. Bb2 h4 34.
Ba3 Rg5 35. Kf4 Rh5 36. Bb2 g5+ 37. Kf3 Ke6 38. Kg4 Be8 39. Rf2 Bg6 40. Rf6+
1-0

[Event "Oebro Nytaar 2022"]
[Site "Copenhagen"]
[Date "2022.12.30"]
[Round "6.8"]
[White "Vinther, Christoffer"]
[Black "Jalving, August"]
[Result "0-1"]
[WhiteElo "1661"]
[BlackElo "1798"]
[PlyCount "46"]
[EventDate "2022.12.27"]
[EventType "swiss"]
[EventRounds "7"]
[EventCountry "DEN"]
[SourceTitle "Live"]

1. f4 d5 2. Nf3 Nf6 3. e3 c5 4. Bb5+ Nbd7 5. b3 a6 6. Bxd7+ Bxd7 7. O-O g6 8.
Bb2 Bg7 9. Ne5 O-O 10. d3 Ng4 11. Qe2 Nxe5 12. fxe5 Qc7 13. d4 cxd4 14. exd4
Bb5 15. c4 dxc4 16. Rc1 c3 17. Rxc3 Qxc3 18. Nxc3 Bxe2 19. Nxe2 Rfc8 20. Nc3
Rd8 21. Ne4 Rac8 22. Nc5 Bxe5 23. Nxb7 Bxd4+ 0-1

[Event "Oebro Nytaar 2022"]
[Site "Copenhagen"]
[Date "2022.12.30"]
[Round "6.9"]
[White "Marthedal, Anton Mehmet Yildiz"]
[Black "Hansen, Claus Ago"]
[Result "1-0"]
[WhiteElo "2054"]
[BlackElo "1755"]
[PlyCount "41"]
[EventDate "2022.12.27"]
[EventType "swiss"]
[EventRounds "7"]
[EventCountry "DEN"]
[SourceTitle "Live"]

1. d4 f5 2. Nc3 Nf6 3. Bg5 c5 4. dxc5 Qa5 5. Bxf6 exf6 6. e3 Bxc5 7. Qh5+ g6 8.
Qh6 Bf8 9. Qh4 Bg7 10. Bc4 Nc6 11. O-O-O Rb8 12. Nb5 Ne5 13. Nf3 Nxc4 14. Qxc4
Bf8 15. e4 fxe4 16. Rhe1 Kd8 17. Rxe4 a6 18. Nfd4 f5 19. Qf7 Bh6+ 20. Kb1 Bd2
21. Qe7# 1-0

[Event "Oebro Nytaar 2022"]
[Site "Copenhagen"]
[Date "2022.12.30"]
[Round "6.10"]
[White "Li, Nikolaj"]
[Black "Skaerved, Mattias"]
[Result "1-0"]
[WhiteElo "1554"]
[BlackElo "1407"]
[PlyCount "80"]
[EventDate "2022.12.27"]
[EventType "swiss"]
[EventRounds "7"]
[EventCountry "DEN"]
[SourceTitle "Live"]

1. d4 f5 2. c4 Nf6 3. Nc3 g6 4. Nf3 Bg7 5. e3 b6 6. Be2 Bb7 7. O-O O-O 8. Re1
e6 9. Nd2 Ne4 10. Bf3 d5 11. Ne2 Ng5 12. Nf4 Nxf3+ 13. Qxf3 Re8 14. Nd3 c6 15.
c5 Nd7 16. b4 b5 17. Nb3 Qc7 18. Bd2 e5 19. Qe2 exd4 20. Rac1 dxe3 21. Bxe3 Nf6
22. Qf1 Red8 23. Bf4 Qc8 24. Re7 Ne4 25. f3 Ba6 26. fxe4 fxe4 27. Nf2 Rf8 28.
Nh3 Qf5 29. Qe2 g5 30. Bxg5 Bf6 31. Bxf6 Qxf6 32. Rd7 Bc8 33. Rd6 Qe5 34. Rf1
Bxh3 35. Rxf8+ Rxf8 36. gxh3 Qg5+ 37. Qg2 Qxg2+ 38. Kxg2 Rc8 39. Nd4 Kf7 40.
Rd7+ Kf6 1-0

[Event "Oebro Nytaar 2022"]
[Site "Copenhagen"]
[Date "2022.12.30"]
[Round "7.1"]
[White "Hamitevici, Vladimir"]
[Black "Ramsdal, Jens Albert"]
[Result "1/2-1/2"]
[WhiteElo "2502"]
[BlackElo "2320"]
[PlyCount "98"]
[EventDate "2022.12.27"]
[EventType "swiss"]
[EventRounds "7"]
[EventCountry "DEN"]
[SourceTitle "Live"]

1. e4 c5 2. Nf3 d6 3. d4 cxd4 4. Nxd4 Nf6 5. Nc3 Nc6 6. h3 e5 7. Nf3 Be6 8. Ng5
Be7 9. Nxe6 fxe6 10. Bc4 Qd7 11. O-O O-O 12. a3 Kh8 13. Ba2 Rad8 14. Qd3 Nh5
15. Rd1 Rf6 16. Ne2 Rdf8 17. f3 Rg6 18. Bd2 Nd4 19. Nxd4 exd4 20. e5 dxe5 21.
Re1 Bd6 22. Re4 Nf6 23. Re2 Rg3 24. Rae1 e4 25. Rxe4 Nxe4 26. Qxe4 e5 27. Qh4
Rg6 28. Bd5 Be7 29. Qe4 Bg5 30. Bxg5 Rxg5 31. h4 Rf4 32. hxg5 Rxe4 33. fxe4 g6
34. Rf1 Qe7 35. Rf6 b6 36. Kh2 h6 37. Rf7 Qd8 38. Kh3 Qc8+ 39. Kg3 hxg5 40. Bb3
a5 41. a4 Qc6 42. Kf3 g4+ 43. Kxg4 Qxe4+ 44. Kg5 Qxg2+ 45. Kh6 Qh3+ 46. Kxg6
Qg4+ 47. Kh6 Qh4+ 48. Kg6 Qg4+ 49. Kh6 Qh4+ 1/2-1/2

[Event "Oebro Nytaar 2022"]
[Site "Copenhagen"]
[Date "2022.12.30"]
[Round "7.2"]
[White "Nielsen, Viktor Haarmark"]
[Black "Hector, Jonny"]
[Result "1/2-1/2"]
[WhiteElo "2379"]
[BlackElo "2451"]
[PlyCount "77"]
[EventDate "2022.12.27"]
[EventType "swiss"]
[EventRounds "7"]
[EventCountry "DEN"]
[SourceTitle "Live"]

1. d4 d5 2. c4 c6 3. Nf3 Nf6 4. Nc3 dxc4 5. e4 b5 6. Be2 Bg4 7. h3 Bxf3 8. Bxf3
e5 9. O-O Qxd4 10. Qxd4 exd4 11. Nxb5 cxb5 12. e5 Nfd7 13. Bxa8 Nb6 14. Bf3 Bc5
15. Re1 h6 16. e6 fxe6 17. Bf4 O-O 18. Bxb8 Rxb8 19. Rxe6 Bb4 20. a3 Bd2 21.
Rd1 c3 22. Rxd2 cxd2 23. Rd6 Rc8 24. Rxd4 Rc2 25. b3 Ra2 26. Bd1 Rxa3 27. Rxd2
Kf7 28. f4 Ke7 29. Kf2 a5 30. Rd4 a4 31. Rb4 Ra2+ 32. Kg3 Rd2 33. Rxb5 Rxd1 34.
Rxb6 Rd3+ 35. Kg4 axb3 36. Rb7+ Kf6 37. Rb6+ Ke7 38. Rb7+ Kf6 39. Rb6+ 1/2-1/2

[Event "Oebro Nytaar 2022"]
[Site "Copenhagen"]
[Date "2022.12.30"]
[Round "7.3"]
[White "Nilssen, John Arni"]
[Black "Porte, Henrik"]
[Result "1-0"]
[WhiteElo "2321"]
[BlackElo "2164"]
[PlyCount "81"]
[EventDate "2022.12.27"]
[EventType "swiss"]
[EventRounds "7"]
[EventCountry "DEN"]
[SourceTitle "Live"]

1. d4 d5 2. c4 e6 3. Nc3 c5 4. e3 Nf6 5. Nf3 Be7 6. a3 cxd4 7. exd4 O-O 8. Bd3
b6 9. O-O Bb7 10. Re1 Nbd7 11. cxd5 Nxd5 12. Bc2 N7f6 13. Qd3 Rc8 14. Bg5 g6
15. Ne5 Qc7 16. Bd2 Rfd8 17. Qh3 Bf8 18. Bb3 Nxc3 19. bxc3 Bd5 20. c4 Ne4 21.
Bf4 Bb7 22. Nxg6 Bd6 23. Ne5 f6 24. c5 Bxe5 25. Bxe6+ Kh8 26. dxe5 Qxc5 27. Be3
Qxe5 28. Bxc8 Rxc8 29. Rad1 Rg8 30. Bd4 Ng5 31. Rxe5 Nxh3+ 32. Kf1 Bxg2+ 33.
Ke2 Kg7 34. Re7+ Kg6 35. Be3 Ng5 36. Bxg5 fxg5 37. Rd6+ Kf5 38. Rxh7 Re8+ 39.
Kd2 Bf3 40. Rf7+ Ke5 41. Rdd7 1-0

[Event "Oebro Nytaar 2022"]
[Site "Copenhagen"]
[Date "2022.12.30"]
[Round "7.5"]
[White "Pedersen, Jan Nordenbaek"]
[Black "Jorgensen, Brian Jorgen"]
[Result "0-1"]
[WhiteElo "2123"]
[BlackElo "2171"]
[PlyCount "64"]
[EventDate "2022.12.27"]
[EventType "swiss"]
[EventRounds "7"]
[EventCountry "DEN"]
[SourceTitle "Live"]

1. e4 e6 2. d4 d5 3. Nc3 Nf6 4. Bg5 Bb4 5. e5 h6 6. Be3 Ne4 7. Qg4 Kf8 8. a3
Ba5 9. Nge2 c5 10. dxc5 Nc6 11. b4 Nxe5 12. Qh5 Bc7 13. Nxe4 dxe4 14. Rd1 Bd7
15. Nc3 f5 16. Bb5 a6 17. Bxd7 Nxd7 18. O-O Qe8 19. Qe2 Kg8 20. Bd4 Ne5 21.
Bxe5 Bxe5 22. Nxe4 fxe4 23. Qxe4 Bf6 24. Qxb7 Kh7 25. Rd3 Rf8 26. Re1 Qa4 27.
Qe4+ Kh8 28. Rf3 Rad8 29. h4 a5 30. Rb3 Bd4 31. Re2 axb4 32. axb4 Bxf2+ 0-1

[Event "Oebro Nytaar 2022"]
[Site "Copenhagen"]
[Date "2022.12.30"]
[Round "7.6"]
[White "Loftgaard, Mikkel Vinh"]
[Black "Kistrup, Nicolai"]
[Result "0-1"]
[WhiteElo "2130"]
[BlackElo "2290"]
[PlyCount "80"]
[EventDate "2022.12.27"]
[EventType "swiss"]
[EventRounds "7"]
[EventCountry "DEN"]
[SourceTitle "Live"]

1. e4 e5 2. Nf3 Nc6 3. d4 exd4 4. Nxd4 Nf6 5. Nxc6 bxc6 6. e5 Qe7 7. Qe2 Nd5 8.
h4 Qe6 9. c4 Nb6 10. g3 d6 11. exd6 Bxd6 12. Be3 Bb4+ 13. Bd2 a5 14. Bg2 Qxe2+
15. Kxe2 Bg4+ 16. f3 Bf5 17. b3 O-O-O 18. Be3 Rhe8 19. Kf2 Rd3 20. a3 Rdxe3 21.
axb4 Re2+ 22. Kg1 axb4 23. Kh2 Rb2 24. g4 Ree2 25. gxf5 Rxg2+ 26. Kh3 Rge2 27.
Rg1 g6 28. fxg6 hxg6 29. h5 gxh5 30. Kh4 Rxb3 31. c5 Nd5 32. Rg8+ Kd7 33. Raa8
Rxb1 34. Rad8+ Ke6 35. Rge8+ Ne7 36. Rc8 Kf6 37. Kg3 Rg1+ 38. Kh3 Rh1+ 39. Kg3
Nf5+ 40. Kf4 Rh4# 0-1

[Event "Oebro Nytaar 2022"]
[Site "Copenhagen"]
[Date "2022.12.30"]
[Round "7.7"]
[White "Meskenas, Paulius"]
[Black "Jarlskov, Daniel Tuk Hartso"]
[Result "1/2-1/2"]
[WhiteElo "2073"]
[BlackElo "2020"]
[PlyCount "44"]
[EventDate "2022.12.27"]
[EventType "swiss"]
[EventRounds "7"]
[EventCountry "DEN"]
[SourceTitle "Live"]

1. e4 c6 2. d4 d5 3. e5 c5 4. Nf3 Nc6 5. Be2 Bg4 6. c3 cxd4 7. cxd4 e6 8. Nbd2
Nge7 9. O-O Nf5 10. Nb3 Be7 11. h3 Bxf3 12. Bxf3 O-O 13. Bg4 g6 14. Bxf5 exf5
15. Qf3 a5 16. a4 Nb4 17. Bd2 b6 18. Rac1 Qd7 19. Ra1 Nc2 20. Rac1 Nb4 21. Ra1
Nc2 22. Rac1 Nb4 1/2-1/2

[Event "Oebro Nytaar 2022"]
[Site "Copenhagen"]
[Date "2022.12.30"]
[Round "7.9"]
[White "Jalving, August"]
[Black "Marthedal, Anton Mehmet Yildiz"]
[Result "1/2-1/2"]
[WhiteElo "1798"]
[BlackElo "2054"]
[PlyCount "111"]
[EventDate "2022.12.27"]
[EventType "swiss"]
[EventRounds "7"]
[EventCountry "DEN"]
[SourceTitle "Live"]

1. e4 c5 2. Nf3 d6 3. d4 cxd4 4. Nxd4 Nf6 5. Nc3 a6 6. Bg5 e6 7. f4 Be7 8. Qf3
Qc7 9. O-O-O Nbd7 10. g4 h6 11. Bxf6 Bxf6 12. h4 Nb6 13. g5 Bxd4 14. Rxd4 Qc5
15. Rd1 Bd7 16. Bd3 O-O-O 17. Rhg1 g6 18. h5 gxh5 19. gxh6 e5 20. Qxh5 Qe3+ 21.
Kb1 Qxf4 22. h7 Be6 23. Nd5 Nxd5 24. exd5 Bxd5 25. Bf5+ Be6 26. Rdf1 Qc4 27. b3
Qc7 28. Rg7 Bxf5 29. Qxf5+ Qd7 30. Qxd7+ Kxd7 31. Rfxf7+ Ke6 32. Re7+ Kd5 33.
Rxb7 Rdf8 34. Rb4 Rf1+ 35. Kb2 Rh1 36. Rbb7 Rh2 37. Kc1 e4 38. Rg5+ Kd4 39.
Rgg7 Kd5 40. Rb4 Rc8 41. Rg5+ Ke6 42. Rxe4+ Kf6 43. h8=Q+ Rhxh8 44. Rd5 Rc6 45.
Rd2 Rh1+ 46. Kb2 Rf1 47. a4 Rf5 48. Re8 Kf7 49. Rb8 Ke6 50. Re8+ Kd7 51. Rde2
Rb6 52. R8e7+ Kc6 53. Rd2 Rh5 54. Re6 Kd7 55. Rg6 Re5 56. Rg7+ 1/2-1/2

[Event "Oebro Nytaar 2022"]
[Site "Copenhagen"]
[Date "2022.12.30"]
[Round "7.10"]
[White "Li, Anna Sofie"]
[Black "Mortensen, Henrik"]
[Result "1/2-1/2"]
[WhiteElo "1472"]
[BlackElo "1818"]
[PlyCount "44"]
[EventDate "2022.12.27"]
[EventType "swiss"]
[EventRounds "7"]
[EventCountry "DEN"]
[SourceTitle "Live"]

1. e4 Nf6 2. Nc3 d5 3. e5 d4 4. exf6 dxc3 5. fxg7 cxd2+ 6. Bxd2 Bxg7 7. c3 O-O
8. Qc2 Qd5 9. Nf3 Bf5 10. Qc1 Nc6 11. Be2 e5 12. O-O e4 13. Ne1 Rfe8 14. Bh6
Re6 15. Bxg7 Kxg7 16. Nc2 Bg6 17. Ne3 Qd8 18. Bg4 Re8 19. Rd1 Qf6 20. Rd7 h5
21. Bh3 Qe5 22. Rd5 Qe7 1/2-1/2